000 00382cam a22001337a 4500
008 180718b1948 xxu||||| |||| 00| 0 eng d
082 _aQ1x489 J453
100 _aJensen, Orla
245 _aSocial services in Denmark
_cby Orla Jensen
260 _aCopenhagen
_bDet Danske Selskab
_c1948
300 _a118p.
650 _aPublic Welfare - Denmark
650 _aSocial Service - Denmark
999 _c371306
_d371306